Statistics for Country Tripoints by Initials

Click here to take the quiz!

General Stats

  • This quiz has been taken 46 times
  • The average score is 14 of 15

Answer Stats

Country% Correct
France
97%
Germany
97%
Switzerland
97%
Zambia
97%
Tanzania
94%
Zimbabwe
94%
Armenia
91%
Democratic Republic of the Congo
91%
Mozambique
91%
South Africa
89%
Azerbaijan
86%
Iraq
86%
Turkey
86%
Kuwait
83%
Saudi Arabia
80%

Score Distribution

Percentile by Number Answered

Percent of People with Each Score

Your Score History

You have not taken this quiz